000 01060nam2a2200253 4500
001 RU\NLR\ONL2\24596
005 20250613224218.0
010 _a978-5-7680-0703-8
035 _a(NLR Aleph) 010211552
090 _a10276491
_c10276491
100 _a20121204d2012 |||y0rusy50 ca
101 0 _aady
102 _aRU
105 _ay |||||||||
200 1 _aРоман, повестхэр, рассказхэр
210 _d2012
_aБ. м.
215 _a590,[1] с.
461 0 _1001RU\NLR\ONL2\24595
_12001#$aЗэхэугъоегъэ тхыгъэу томий хъурэ тхылъхэр$fКъуекъо Налбый$vТ. 5
_1700#1$aКъуекъо$bН.$gНалбый$4070
_910276487
_aКъуекъо, Н.
_cМыекъуапэ
_d2012-
_fКъуекъо Налбый
_nАдыгэ Респ. итхылъ тедзапI
_tЗэхэугъоегъэ тхыгъэу томий хъурэ тхылъхэр
_y978-5-7608-0667-3
_vТ. 5
801 0 _aRU
_bNLR
_c20121204
_gPSBO
852 _aNLR
_bОНЛ
_jАдыг./3-1378
942 _cBOOK
980 _aNB
980 _aONL_RF